| 000 | 00558nam a22002057a 4500 | ||
|---|---|---|---|
| 003 | OSt | ||
| 005 | 20140310183127.0 | ||
| 008 | 130529t xxu||||| |||| 00| 0 eng d | ||
| 020 | _a9710388998 | ||
| 050 |
_aPL 6051 _b.D278 2010 |
||
| 082 |
_aFIL 499.211 _bD488 2010 |
||
| 245 |
_aKomunikasyon sa Akademikong Filipino _cDe Vera, Melvin B. |
||
| 260 |
_aMandaluyong City _bBooks Atbp. Publishing Corp. _cC2010 |
||
| 300 | _a285 p. | ||
| 521 | _acollege students | ||
| 526 | _c1210L-1700L | ||
| 541 | _j1 | ||
| 562 | _e1 | ||
| 942 |
_2lcc _cBK _kFIL |
||
| 999 |
_c19044 _d19044 |
||